000 00885nam a2200229 a 4500
001 47977
003 BD-RjUL
005 20211209054432.0
008 160811s2010 bg |||| ||| 000 0 ben d
020 _a9840748327
_c: Tk. 100.00
035 _a(BD-RjUL)48096
040 _aBD-RjUL
_bben
_cBD-RjUL
_dBD-RjUL
041 _aben
082 _223
_a891.442
_bISM 2010
100 1 _aইসলাম, আহমেদ আমিনুল
_9145545
245 1 0 _aময়মনসিংহের ঐতিহ্যবাহী নাট্য :
_bগঠন ও পরিবেশরীতি /
_cআহমেদ আমিনুল ইসলাম
260 _aঢাকা :
_bবাংলা একাডেমী,
_c২০১০
300 _a১৩২ পৃ. ;
_c২১ সেমি.
650 _aবাংলা নাটক
_9145546
650 _aBengali Drama
_9145547
942 _2ddc
_cBK
999 _c47977
_d47977